Δείναρχος - Δημάδης άπαντα
Αποθηκεύτηκε σε:
| Κύριος συγγραφέας: | |
|---|---|
| Συγγραφή απο Οργανισμό/Αρχή: | |
| Άλλοι συγγραφείς: | |
| Μορφή: | Βιβλίο |
| Γλώσσα: | Greek Ancient Greek |
| Δημοσίευση: |
Αθήνα :
Κάκτος,
c1998.
|
| Σειρά: | Έλληνες (Εκδόσεις Κάκτος)
400 |
| Θέματα: | |
| Ετικέτες: |
Προσθήκη ετικέτας
Δεν υπάρχουν, Καταχωρήστε ετικέτα πρώτοι!
|
MARC
| LEADER | 00000cam a2200000 i 4500 | ||
|---|---|---|---|
| 001 | 1/61347 | ||
| 008 | 040920s1998 gr | ||| |||| ||gre|| | ||
| 020 | |a 9603524042 | ||
| 035 | |l 10074457 | ||
| 040 | |a GR-MyUa |b gre |e AACR2 | ||
| 041 | 0 | |a gre |a grc | |
| 082 | 7 | |a 885.3 | |
| 100 | 0 | |a Δείναρχος, |d 363-290. | |
| 245 | 1 | 0 | |a Δείναρχος - Δημάδης άπαντα / |c Δείναρχος, Δημάδης ; εισαγωγή, μετάφραση, σχόλια Φιλολογική Ομάδα Κάκτου. |
| 260 | |a Αθήνα : |b Κάκτος, |c c1998. | ||
| 300 | |a 203 σ. ; |c 22 εκ. | ||
| 490 | 1 | |a (Οι Έλληνες ; |v 400) | |
| 500 | |a Το αντίτυπο της Ρόδου είναι δεμένο με: Κέλσος Άπαντα / Κέλσου. | ||
| 505 | 8 | |a Δείναρχου: Κατά Δημοσθένους -- Κατ' Αριστογείτονος -- Κατά Φιλοκλέους -- Αποσπάσματα -- Δημάδου: Υπέρ της δωδεκαετίας -- Αποσπάσματα. | |
| 650 | 0 | 0 | |a Philosophy, Ancient. |
| 650 | 0 | 0 | |a Rhetoric, Ancient. |
| 700 | 0 | |a Δημάδης, |d 380-319. | |
| 710 | 2 | |a Φιλολογική Ομάδα Κάκτου. | |
| 830 | 0 | |a Έλληνες (Εκδόσεις Κάκτος) |v 400 | |
| 852 | |a INST |b LESVOS |e 20040920 |h 885.3 ΔΕΙ |p 005100030411 |q 005100030411 |t BK |y 0 | ||
| 852 | |a INST |b RHODES |c KRI |e 20050901 |h 885.3 ΚΕΙ |p 005400022430 |q 005400022430 |t BK |y 0 | ||
| 901 | |a BIBL1-2004-3 | ||
| 901 | |a BIBL4-2005-3 | ||
| 922 | |a 1ΕΛΗ |b 199912 |c ΤΑΚ/ΚΥΒ |d ΠΑΠΑΣΩΤΗΡΙΟΥ | ||
| 950 | |a 023-1999-12-06 | ||
| 970 | |a ΤΖΑΦΕΡΗ |b ΕΥΑΓΓΕΛΙΑ |z 2004/09/20 | ||